FRC Teams with the Most Regional and District Wins - Statistics

General Stats
  • This quiz has been taken 11 times
  • The average score is 5 of 8
Answer Stats
Number of Wins Team % Correct
38 254
100%
34 1114
82%
27 118
82%
32 2056
73%
31 67
73%
27 33
45%
27 359
27%
24 469
0%
No matching quizzes found
Score Distribution
Percent of People with Each Score
Percentile by Number Answered
Your Score History
You have not taken this quiz